The Tenth Air Force, 1942 /

Bibliographic Details
Main Author: Weaver, Herbert
Other Authors: Rapp, Marvin
Format: Book
Language:English
Published: Manhattan, Kan. : Military Affairs/Aerospace Historian, [between 1900 and 1999]
Series:USAF historical studies ; no. 12.
Subjects:

MARC

Tag First Indicator Second Indicator Subfields
LEADER 00000cam a2200000 a 4500
001 in00000034181
005 20151007055228.0
008 820204q19441982ksub 001 0 eng d
020 |a 0891260323 :  |c $13.00 
035 |a (OCoLC)08125819 
035 |9 AAB7634AM 
040 |a KEU  |c KEU  |d TXA  |d UtOrBLW 
049 |a TXAM 
090 |a UG633  |b .A377840 no. 12 
100 1 |a Weaver, Herbert. 
245 1 4 |a The Tenth Air Force, 1942 /  |c by Herbert Weaver and Marvin Rapp ; prepared by Assistant Chief of Air Staff, Intelligence Historical Division. 
264 1 |a Manhattan, Kan. :  |b Military Affairs/Aerospace Historian,  |c [between 1900 and 1999] 
300 |a 177 pages :  |b map ;  |c 28 cm. 
336 |a text  |b txt  |2 rdacontent 
337 |a unmediated  |b n  |2 rdamedia 
338 |a volume  |b nc  |2 rdacarrier 
490 1 |a USAF historical studies ;  |v no. 12 
500 |a Report date: August 1944. 
610 1 0 |a United States.  |b Army Air Forces.  |b Air Force, 10th. 
700 1 |a Rapp, Marvin. 
830 0 |a USAF historical studies ;  |v no. 12. 
999 |a MARS 
999 f f |s 533cd10b-46bd-3544-9a40-9d960b907391  |i 8dba396b-8605-3334-97a9-fbfb0f25f61c  |t 0 
952 f f |p noncirc  |a Texas A&M University  |b College Station  |c Cushing Memorial Library & Archives  |d Cushing: Ragan Military (Does not check out)  |t 0  |e UG633 .W35 1982  |h Library of Congress classification  |i unmediated -- volume 
952 f f |p ric  |a Texas A&M University  |b Rellis Campus  |c Joint Library Facility  |d Remote Storage  |t 0  |e UG633 .A377840 no.12  |h Library of Congress classification  |i unmediated -- volume  |m A14811650001 
998 f f |a UG633 .A377840 no.12  |t 0  |l Remote Storage 
998 f f |a UG633 .W35 1982  |t 0  |l Cushing: Ragan Military (Does not check out)